[Event "GER-ch 82nd"]
[Site "Bonn"]
[Date "2011.06.03"]
[Round "9"]
[White "Dranov, Aleksandar"]
[Black "Mertens, Heiko"]
[Result "1/2-1/2"]
[WhiteElo "2465"]
[BlackElo "2355"]
[EventDate "2011.05.26"]
[PlyCount "20"]

1. d4 d5 2. c4 c6 3. cxd5 cxd5 4. Nf3 Nc6 5. Nc3 Nf6 6. Bf4 Bf5 7. e3 e6 8. Bd3 Bxd3 9. Qxd3 Be7 10. O-O O-O 1/2-1/2

[Event "GER-ch 82nd"]
[Site "Bonn"]
[Date "2011.06.03"]
[Round "9"]
[White "Fridman, Daniel"]
[Black "Khenkin, Igor"]
[Result "1/2-1/2"]
[WhiteElo "2661"]
[BlackElo "2620"]
[EventDate "2011.05.26"]
[PlyCount "97"]

1. d4 Nf6 2. Nf3 d5 3. c4 e6 4. g3 dxc4 5. Bg2 c5 6. O-O Nc6 7. dxc5 Qxd1 8. Rxd1 Bxc5 9. Nbd2 c3 10. bxc3 O-O 11. Nb3 Be7 12. Nfd4 Bd7 13. Nxc6 Bxc6 14. Bxc6 bxc6 15. c4 a5 16. Bd2 a4 17. Na5 Ra6 18. Rab1 Rfa8 19. Nb7 Kf8 20. Be3 Ne4 21. Rd3 Rb8 22. Bf4 Rba8 23. Be3 Rb8 24. Bf4 Rba8 25. f3 Nc5 26. Nxc5 Bxc5+ 27. Kf1 Rb6 28. Rxb6 Bxb6 29. Be5 Bc5 30. Rd7 Ke8 31. Rc7 Rd8 32. Bxg7 Rd1+ 33. Kg2 Rd2 34. Rxc6 Rxe2+ 35. Kf1 Rf2+ 36. Ke1 Be3 37. Bh6 Bd4 38. Bg7 Be3 39. Bh6 Bd4 40. Rd6 Rxh2 41. Rxd4 Rxh6 42. c5 Rh5 43. c6 Rc5 44. Rxa4 Rxc6 45. g4 Rc2 46. Ra7 f5 47. gxf5 exf5 48. a4 Ra2 49. Rxh7 1/2-1/2

[Event "GER-ch 82nd"]
[Site "Bonn"]
[Date "2011.06.03"]
[Round "9"]
[White "Gschnitzer, Oswald"]
[Black "Huschenbeth, Niclas"]
[Result "1-0"]
[WhiteElo "2444"]
[BlackElo "2502"]
[EventDate "2011.05.26"]
[PlyCount "147"]

1. d4 d5 2. Nf3 Nf6 3. c4 dxc4 4. e3 e6 5. Bxc4 c5 6. O-O a6 7. Bb3 cxd4 8. exd4 Be7 9. Nc3 Nc6 10. Bg5 O-O 11. Qd2 h6 12. Bxf6 Bxf6 13. Rad1 Na5 14. Bc2 b6 15. h4 h5 16. Qf4 Bb7 17. Ne4 Rc8 18. Bb1 Bxe4 19. Qxe4 g6 20. Ne5 Bxe5 21. dxe5 Qc7 22. Rfe1 Rfd8 23. Bd3 b5 24. g4 Nc6 25. gxh5 Rd4 26. Qe3 Rxh4 27. hxg6 fxg6 28. Qg3 Rh6 29. Bf1 Ne7 30. Bh3 Kg7 31. Rd3 Rch8 32. Qg5 Rf8 33. Qd2 Qc4 34. Bg2 Qh4 35. Rh3 Qf4 36. Qxf4 Rxf4 37. Ra3 Rh5 38. Rxa6 Kf7 39. Re3 g5 40. Ra7 Rd4 41. Rf3+ Ke8 42. Rf6 Rd7 43. Ra8+ Rd8 44. Rxd8+ Kxd8 45. Rxe6 g4 46. Bf1 Kd7 47. Rb6 Rxe5 48. Rxb5 Re1 49. Kg2 Ng6 50. Bc4 Ne5 51. Bg8 Kc6 52. a4 Nd3 53. Bc4 Ne5 54. Bd5+ Kd6 55. a5 Nd3 56. Bc4 Ne5 57. b3 Nxc4 58. bxc4 Ra1 59. Rg5 Ra4 60. Rxg4 Rxa5 61. Re4 Ra8 62. f4 Ra3 63. Kf2 Rc3 64. f5 Ra3 65. f6 Ra7 66. Ke3 Rf7 67. Rf4 Ke5 68. Rf1 Ke6 69. Ke4 Rf8 70. f7 Kd6 71. Rf6+ Kd7 72. Ke5 Ke7 73. Re6+ Kd7 74. Kf6 1-0

[Event "GER-ch 82nd"]
[Site "Bonn"]
[Date "2011.06.03"]
[Round "9"]
[White "Gustafsson, Jan"]
[Black "Tischbierek, Raj"]
[Result "1-0"]
[WhiteElo "2646"]
[BlackElo "2431"]
[EventDate "2011.05.26"]
[PlyCount "129"]

1. d4 d5 2. c4 c6 3. Nc3 e5 4. dxe5 d4 5. Ne4 Qa5+ 6. Bd2 Qxe5 7. Ng3 Nf6 8. Nf3 Qd6 9. Qc2 Be7 10. O-O-O O-O 11. e3 dxe3 12. Bxe3 Qc7 13. Nf5 Bxf5 14. Qxf5 Na6 15. Nd4 g6 16. Qf3 Nc5 17. g4 Nfe4 18. h4 Rad8 19. Bd3 Nxd3+ 20. Rxd3 Nc5 21. Rdd1 Qa5 22. Kb1 Qb4 23. Qe2 Na4 24. Nb3 Bf6 25. Bc1 Nb6 26. Nd2 Na4 27. Ne4 Bg7 28. a3 Qb3 29. Qc2 Qxc2+ 30. Kxc2 b5 31. Rxd8 Rxd8 32. b3 Nb6 33. Bg5 Rc8 34. Nd6 Rb8 35. cxb5 cxb5 36. Nxb5 Rc8+ 37. Kd2 h6 38. Be3 a6 39. Bxb6 axb5 40. a4 bxa4 41. bxa4 Rc4 42. a5 Rxg4 43. Kc2 Rb4 44. Rb1 Rxh4 45. a6 Rc4+ 46. Kd3 Rc8 47. a7 Be5 48. Ke4 Re8 49. Kd5 g5 50. Bd4 Bf4 51. Ra1 Ra8 52. Kc6 Bb8 53. axb8=R+ Rxb8 54. Kd5 Rb5+ 55. Kc4 Rf5 56. Ra6 Kh7 57. Kd3 g4 58. Ke4 Rf3 59. Rf6 Rxf6 60. Bxf6 Kg6 61. Ke5 Kh5 62. Kf4 Kg6 63. Bh4 h5 64. Ke5 f5 65. Kf4 1-0

[Event "GER-ch 82nd"]
[Site "Bonn"]
[Date "2011.06.03"]
[Round "9"]
[White "Kessler, Andreas"]
[Black "Zill, Christoph"]
[Result "0-1"]
[WhiteElo "2167"]
[BlackElo "2278"]
[EventDate "2011.05.26"]
[PlyCount "107"]

1. c4 f5 2. g3 Nf6 3. Bg2 d6 4. d4 e6 5. Nh3 Be7 6. O-O O-O 7. b4 e5 8. Bb2 Ng4 9. Qb3 Bf6 10. f3 Nh6 11. dxe5 dxe5 12. Rd1 Qe7 13. Nc3 c6 14. Ba3 Qf7 15. b5 Re8 16. Rac1 Be6 17. Na4 cxb5 18. Qxb5 Nc6 19. Rd2 Nd4 20. Qb2 Bxc4 21. Nc5 Bd5 22. e3 Nxf3+ 23. Bxf3 Bxf3 24. Rd7 Qh5 25. e4 fxe4 26. Nf2 e3 27. Nfe4 Bxe4 28. Nxe4 Qf5 29. Nxf6+ Qxf6 30. Rf1 Qb6 31. Qe2 Rad8 32. Rfd1 Rxd7 33. Rxd7 Qb1+ 34. Rd1 Qe4 35. Bc5 b6 36. Qb5 Rc8 37. Qd7 Qc6 38. Bxe3 Qxd7 39. Rxd7 Ng4 40. Bd2 Rc2 41. a4 Nf6 42. Rd3 Ra2 43. a5 Kf7 44. axb6 axb6 45. Be3 Rb2 46. h3 Ke6 47. Bf2 Ne4 48. Be1 Rb1 49. Kf1 Nc5 50. Rd8 Kf5 51. Ke2 h5 52. Bc3 Rb3 53. Be1 Ne6 54. Bf2 0-1

[Event "GER-ch 82nd"]
[Site "Bonn"]
[Date "2011.06.03"]
[Round "9"]
[White "Molinaroli, Martin"]
[Black "Krause, Ullrich"]
[Result "1/2-1/2"]
[WhiteElo "2286"]
[BlackElo "2283"]
[EventDate "2011.05.26"]
[PlyCount "22"]

1. f4 d5 2. Nf3 Nf6 3. e3 g6 4. d4 Bg7 5. c3 O-O 6. Bd3 b6 7. Qe2 Bb7 8. Nbd2 c5 9. O-O Nbd7 10. Ne5 Ne4 11. Nxe4 dxe4 1/2-1/2

[Event "GER-ch 82nd"]
[Site "Bonn"]
[Date "2011.06.03"]
[Round "9"]
[White "Mueller, Oliver"]
[Black "Seel, Christian"]
[Result "0-1"]
[WhiteElo "2327"]
[BlackElo "2484"]
[EventDate "2011.05.26"]
[PlyCount "106"]

1. e4 g6 2. d4 Bg7 3. Bc4 d6 4. Qf3 e6 5. Ne2 a6 6. a4 Nd7 7. c3 Ne7 8. h4 h6 9. Be3 Nf6 10. Nd2 Rb8 11. a5 e5 12. dxe5 dxe5 13. Bc5 b6 14. axb6 cxb6 15. Bb4 Nc6 16. Ba3 b5 17. Bd5 Ne7 18. Ba2 a5 19. Bc5 O-O 20. Ng3 Qc7 21. b4 Rd8 22. h5 Bg4 23. Qe3 Bxh5 24. f3 axb4 25. cxb4 Nc6 26. Ne2 Nd4 27. Rc1 g5 28. Nc3 Bg6 29. Nd5 Nxd5 30. Bxd5 Rxd5 31. exd5 Qd7 32. O-O Qxd5 33. Kh1 Kh7 34. Ne4 f5 35. Nc3 Qf7 36. Qf2 Nb3 37. Rcd1 Qc4 38. Nd5 f4 39. Nb6 Qf7 40. Rd7 Qf5 41. Rfd1 g4 42. fxg4 Qxg4 43. Qf3 Qh4+ 44. Kg1 Nd4 45. Bxd4 exd4 46. Nd5 Rf8 47. Ne7 Qg5 48. Nxg6 Kxg6 49. Rc1 Rf5 50. Rcc7 Bf6 51. Rc8 Bg7 52. Rg8 Kh7 53. Qe4 Kxg8 0-1

[Event "GER-ch 82nd"]
[Site "Bonn"]
[Date "2011.06.03"]
[Round "9"]
[White "Natsidis, Christoph"]
[Black "Siebrecht, Sebastian"]
[Result "0-1"]
[WhiteElo "2363"]
[BlackElo "2460"]
[EventDate "2011.05.26"]
[PlyCount "69"]

1. d4 Nf6 2. Nf3 e6 3. c4 Bb4+ 4. Bd2 c5 5. Bxb4 cxb4 6. g3 Nc6 7. Bg2 O-O 8. O-O d6 9. a3 Qb6 10. axb4 Qxb4 11. Nc3 Qxb2 12. Nb5 d5 13. Qd3 Nb4 14. Qb1 Qxb1 15. Rfxb1 Nc6 16. Ne5 a6 17. Nxc6 bxc6 18. Nd6 Bd7 19. c5 a5 20. Ra4 Ra7 21. f4 Rfa8 22. e4 Kf8 23. e5 Ne8 24. Kf2 f6 25. Bf1 Nc7 26. Rb6 Ke7 27. Bd3 h6 28. h4 Rf8 29. Ke3 Rfa8 30. Ke2 Ne8 31. Ke3 Kd8 32. Rb1 Nc7 33. Rb6 Ne8 34. Rb1 Nc7 35. Rb6 0-1

[Event "GER-ch 82nd"]
[Site "Bonn"]
[Date "2011.06.03"]
[Round "9"]
[White "Pitschka, Claus"]
[Black "Lederle, Vitus"]
[Result "0-1"]
[WhiteElo "2276"]
[BlackElo "2226"]
[EventDate "2011.05.26"]
[PlyCount "46"]

1. d4 Nf6 2. Nc3 e6 3. e4 d5 4. e5 Nfd7 5. f4 c5 6. Nf3 Nc6 7. Be3 a6 8. g3 b5 9. Bh3 cxd4 10. Nxd4 Nxd4 11. Bxd4 Bc5 12. Bxc5 Nxc5 13. Qd4 Qc7 14. O-O-O Rb8 15. f5 b4 16. Ne2 b3 17. fxe6 fxe6 18. Bg2 Rb4 19. Qc3 Rc4 20. Qe3 bxa2 21. Kd2 Qa5+ 22. Nc3 d4 23. Bc6+ Bd7 0-1

[Event "GER-ch 82nd"]
[Site "Bonn"]
[Date "2011.06.03"]
[Round "9"]
[White "Vatter, Hans Joachim"]
[Black "Andre, Gordon"]
[Result "1/2-1/2"]
[WhiteElo "2326"]
[BlackElo "2363"]
[EventDate "2011.05.26"]
[PlyCount "44"]

1. e4 e6 2. d4 d5 3. Nc3 Bb4 4. Bd3 dxe4 5. Bxe4 Nf6 6. Bf3 c5 7. Nge2 cxd4 8. Qxd4 Qxd4 9. Nxd4 O-O 10. Bd2 Nbd7 11. a3 Be7 12. O-O-O Ne5 13. Bf4 Nxf3 14. Nxf3 b6 15. Bd6 Bxd6 16. Rxd6 Bb7 17. Ne1 Rfc8 18. Rd2 Rc4 19. f3 a6 20. Nd3 Rac8 21. Ne5 R4c7 22. Rhd1 Nd5 1/2-1/2